| 000 | 00822cam a2200241 a 4500 | ||
|---|---|---|---|
| 001 | 3561439 | ||
| 005 | 20180301065926.0 | ||
| 008 | 981021s2000 njuab b 001 0 eng | ||
| 010 | _a 98031916 | ||
| 020 | _a0131773879 | ||
| 040 |
_aDLC _cDLC _dDLC |
||
| 041 | _aeng | ||
| 080 | _a577.1LEE | ||
| 082 | 0 | 0 |
_a577.1LEE _221 |
| 100 | 1 | _a43 | |
| 101 | _aGEO | ||
| 245 | 1 | 4 |
_aThe earth system / _cLee R. Kump, James F. Kasting, Robert G. Crane. |
| 504 | _aIncludes bibliographical references and index. | ||
| 906 |
_a7 _bcbc _corignew _d1 _eocip _f19 _gy-gencatlg |
||
| 942 |
_2ddc _cBK |
||
| 999 |
_c43819 _d43819 |
||